Celebrity Spouses - Statistics

General Stats
  • This quiz has been taken 1,037 times
    1,034 since last reset
  • The average score is 18 of 29
Answer Stats
Celebrity Years Answer % Correct
Jay-Z 2008- Beyoncé
97%
2014-2019 Angelina Jolie
92%
Kanye West 2014-2022 Kim Kardashian
87%
David Beckham 1999- Posh Spice
85%
Amber Heard 2015-2017 Johnny Depp
84%
Brad Pitt 2000-2005 Jennifer Aniston
83%
John Lennon 1969-1980 Yoko Ono
83%
Will Smith 1997- Jada Pinkett
82%
2015- Mila Kunis
74%
Tom Cruise 1990-2001 Nicole Kidman
69%
2012- Blake Lively
66%
Sonny Bono 1964-1975 Cher
66%
Ashton Kutcher 2005-2013 Demi Moore
66%
Michael Douglas 2000- Catherine Zeta-Jones
65%
Prince Rainier III 1956-1982 Grace Kelly
61%
Sean Penn 1985-1989 Madonna
61%
Gisele Bündchen 2009-2022 Tom Brady
60%
John Krasinksi 2010- Emily Blunt
58%
2006-2012 Katie Holmes
58%
Justin Timberlake 2012- Jessica Biel
49%
Javier Bardem 2010- Penélope Cruz
46%
Ryan Reynolds 2008-2011 Scarlett Johansson
41%
Humphrey Bogart 1945-1957 Lauren Bacall
37%
Colin Jost 2020- Scarlett Johansson
37%
Offset 2017- Cardi B
35%
1996-2010 Robin Wright
34%
Chris Pratt 2009-2018 Anna Faris
33%
Sibi Blažić 2000- (Hint: Caped Crusader) Christian Bale
29%
2019- Katherine Schwarzenegger
25%
No matching quizzes found
Score Distribution
Percent of People with Each Score
Percentile by Number Answered
Your Score History
You have not taken this quiz since the last reset